000 00913nam a2200361 a 4500
003 AR-BaBNM
005 20251128205751.0
008 082120s2002 ||||||||||||||000 | spa||
020 _a84-344-2602-1
040 _cAR-BaBNM
100 1 _aOrtega, Pedro
245 0 0 _aValores y educación
250 _a1ª ed.
260 _aBarcelona
_bEditorial Ariel
_c1996
300 _a191 p.
490 0 _aAriel Educación
504 _aBibliografía al final de cada capítulo
610 2 4 _aDeclaración Universal de los Derechos del Hombre
650 4 _aESCUELAS
650 4 _aEDUCACION PARA LA PAZ
650 4 _aDIALOGO
650 4 _aTOLERANCIA
650 4 _aLIBERTAD
650 4 _aSOLIDARIDAD
650 4 _aJUSTICIA
650 4 _aECOLOGIA
651 4 _aEspaña
653 _aEDUCACION EN VALORES
700 1 _aMínguez, Ramón
700 1 _aGil, Ramón
942 _cBK
998 _carturo
999 _c12737
_d12737